Statystyki dla Skład Evertonu w Premier League 2023/24

Kliknij tutaj aby rozwiązać quiz!

Ogólne statystyki

  • Ten quiz został rozwiązany 15 razy
  • Średni wynik to 9 z 27

Statystyki odpowiedzi

NumerZawodnik% Poprawnych
1Jordan Pickford
100%
2James Tarkowski
86%
8Amadou Onana
79%
9Dominic Calvert-Lewin
71%
16Abdoulaye Doucoure
57%
23Seamus Coleman
50%
19Witalij Mykolenko
50%
7Dwight McNeil
43%
37James Garner
43%
5Michael Keane
43%
17Alex Iwobi
36%
22Ben Godfrey
36%
27Idrissa Gueye
36%
3Nathan Patterson
36%
30Conor Coady
29%
13Yerry Mina
29%
11Demarai Gray
21%
20Neal Maupay
21%
26Tom Davies
14%
31Andrew Lonergan
7%
14Andros Townsend
7%
15Asmir Begović
7%
4Mason Holgate
7%
29Ruben Vinagre
7%
6Allan
0%
10Anthony Gordon
0%
33Salomon Rondon
0%

Rozkład punktacji

Percentyl według liczby udzielonych odpowiedzi

Procent ludzi z każdym wynikiem

Twoja historia wyników

Nie rozwiązałeś tego quizu